00337nam a2200145Ia 4500008004100000020001800041041000800059082002100067100001500088245002900103260002000132300000800152365001600160700001500176230718s9999 xx 000 0 und d a9780230749016 aeng a968.06'5092bMAN aMandela N. aConversation With Myself c2010bMacmillan a454 cRs.b999.00 aMandela N.